000 00682nam a22002177a 4500
005 20241204120131.0
010 _aENG-142828
020 _c420.00
_a9789394899384
035 _aEN-126360
037 _bDBAD
082 _a005.13
_21
100 _aAnitha, P.
_974656
245 _aA Step To Start With C Programming/
_cby P. Anitha, K. Komala Devi & K. Kavitha
250 _aFirst
260 _aTamil Nadu
_bShanlax Publications
_c2022
270 _bTamil Nadu
_a61, 66 T. P. K. Main Road, Vasantha Nagar, Madurai,
_e625003
300 _a172p.
_c25cm(pbk)
700 _aK. Komala Devi
_974657
700 _aK. Kavitha
_974658
942 _2ddc
_cEN
_h005.13
_mANI
999 _c207396
_d207396